Tối ưu hoá đa tiêu chuẩn trong chế tạo máy /

Tối ưu hoá đa tiêu chuẩn và phương pháp PSI; Phép làm gần đúng tập hợp các biện pháp khả thi và tập hợp tối ưu Pareto; Phân chia và tổng hợp các hệ thống quy mô lớn; Xác định đa tiêu chuẩn các mô hình toán và các bài toán phát triển hoạt động; Xác định các biểu thiết kế có ý nghĩa; Các ví dụ về tối...

Volledige beschrijving

Bewaard in:
Bibliografische gegevens
Andere auteurs: Lê Ngọc Hưởng (biên soạn.)
Formaat: Boek
Taal:Vietnamese
Gepubliceerd in: Hải Phòng : Nxb Hải Phòng, 2003.
Onderwerpen:
Tags: Voeg label toe
Geen labels, Wees de eerste die dit record labelt!
Thư viện lưu trữ: Mạng thư viện Đại học Đà Nẵng
LEADER 01600cam a2200349 a 4500
001 000045036
003 4148
005 20070425081519.0
008 010308b2003 vm 000 vie
020 |c 37000 
040 |a LIRC  |c LIRC  |d LIRC 
041 0 |a vie 
082 1 4 |a 519.3  |b Tô-Ư 
245 0 0 |a Tối ưu hoá đa tiêu chuẩn trong chế tạo máy /  |c Lê Ngọc Hưởng biên soạn. 
260 |a Hải Phòng :  |b Nxb Hải Phòng,  |c 2003. 
300 |a 361 tr. :  |b mh. ;  |c 19 cm. 
520 3 |a Tối ưu hoá đa tiêu chuẩn và phương pháp PSI; Phép làm gần đúng tập hợp các biện pháp khả thi và tập hợp tối ưu Pareto; Phân chia và tổng hợp các hệ thống quy mô lớn; Xác định đa tiêu chuẩn các mô hình toán và các bài toán phát triển hoạt động; Xác định các biểu thiết kế có ý nghĩa; Các ví dụ về tối ưu hoá các máy móc và các hệ thống phức tạp khác. 
630 0 4 |a Chế tạo máy. 
650 0 4 |a Chế tạo máy  |x Thiết kế. 
700 1 |a Lê Ngọc Hưởng,  |e biên soạn. 
OWN |a DUT 
AVA |a UDN50  |b DUT  |c Book  |d 519.3 Tô-Ư  |e available  |t Error 5001 Not defined in file expand_doc_bib_avail.  |f 5  |g 0  |h N  |i 0  |j SH  |k 1 
999 |a From the UDN01 
AVA |a UDN50  |b DUT  |c Book  |d 519.3 Tô-Ư  |e available  |t Error 5001 Not defined in file expand_doc_bib_avail.  |f 5  |g 0  |h N  |i 0  |j SH  |k 1 
TYP |a Monograph 
TYP |a Printed language 
980 |a Mạng thư viện Đại học Đà Nẵng